000 00451nam a2200157 i 4500
001 63356
003 ES-MaACL
005 20230906164834.0
007 t|
008 031209s1963 sp ||||1| spa d
100 1 _aFerrater Mora, José.
_950338
245 1 0 _aTres mundos
_b: Cataluña, España, Europa /
_cJosé Ferrater Mora.
260 _aBarcelona :
_bE.D.H.A.S.A.,
_c[1963]
300 _a194 p. ;
_c21 cm.
852 _aES-MaACL
_jC-23883
_bR.52118
999 _c63356
_d63356